Unité urbaine de Luz-Saint-Sauveur sur une carte - Statistiques

Statistiques générales
  • Ce quiz a été pris 9 fois
  • Le résultat moyen est 2 sur 12
Réponses sur la Carte
Les réponses sont colorées sur une échelle allant du rouge au vert en fonction du pourcentage des utilisateurs qui les ont devinées à leur premier essai. Vous pouvez retrouver ces pourcentages ci-dessous.
 
Statistiques - réponses
Population (2021) Réponse % Correct
921 Luz-Saint-Sauveur
100%
49 Chèze
17%
413 Esquièze-Sère
17%
35 Grust
17%
93 Saligos
17%
76 Sassis
17%
113 Sers
17%
84 Viella
17%
82 Betpouey
0%
188 Esterre
0%
144 Sazos
0%
19 Viey
0%
Aucun quiz correspondant
Distribution des résultats
% des personnes avec chaque résultat
Percentile par nombre de réponses
Votre historique - résultats
Vous n’avez pas pris ce quiz